[Event "Hoogovens-B"]
[Site "Wijk aan Zee"]
[Date "1971.??.??"]
[Round "?"]
[White "Jansa, Vlastimil"]
[Black "Hartoch, Robert G"]
[Result "1/2-1/2"]
[WhiteElo "2450"]
[BlackElo "2360"]

1.e4 e6 2.d4 c5 3.Nf3 cxd4 4.Nxd4 Nc6 5.Nb5 d6 6.c4 Nf6 7.N1c3 a6 8.Na3 Be7
9.Be2 O-O 10.O-O Rb8 11.Be3 Qa5 12.Qd2 Rd8 13.Rfd1 Bd7 14.f3 Be8 15.Rac1 Nd7
16.Qe1 Nc5 17.Qf1 Bf6 18.Nab1 Qc7 19.Qf2 b6 20.Rc2 Nb4 21.Rcd2 Nc6 22.Rc2 Nb4
23.Rcc1 Nc6  1/2-1/2

[Event "WchT U26"]
[Site "Graz"]
[Date "1972.??.??"]
[Round "4"]
[White "Rosenberg, M."]
[Black "Viglundsson, Bjorgvin"]
[Result "0-1"]
[WhiteElo "2380"]
[BlackElo "2200"]

1.e4 c5 2.Nf3 Nc6 3.d4 cxd4 4.Nxd4 e6 5.Nb5 d6 6.Bf4 e5 7.Be3 Nf6 8.Bg5 a6
9.Bxf6 gxf6 10.N5c3 f5 11.Qh5 Bg7 12.Bc4 O-O 13.exf5 Nd4 14.Bd3 Re8 15.O-O d5
16.f3 b5 17.f6 Bxf6 18.Qxh7+ Kf8 19.Nd2 Bb7 20.Ne2 Nxe2+ 21.Bxe2 Ke7 22.Rad1 Qb6+
23.Kh1 Rh8 24.Qf5 Rxh2+ 25.Kxh2 Rh8+ 26.Qh3 Rxh3+ 27.gxh3 Qe3 28.Bd3 e4 29.Rfe1 Be5+
30.Kh1 Qf4 31.Nf1 Qxf3+ 32.Kg1 Bd4+  0-1

[Event "WchT U26"]
[Site "Graz"]
[Date "1972.??.??"]
[Round "7"]
[White "Juhnke, Juergen"]
[Black "Bjerre, Troels"]
[Result "1-0"]
[WhiteElo "2280"]
[BlackElo "2320"]

1.e4 c5 2.Nf3 Nc6 3.d4 cxd4 4.Nxd4 e6 5.Nb5 d6 6.c4 Nf6 7.N5c3 Be7 8.Be2 O-O
9.O-O b6 10.b3 a6 11.Bb2 Bb7 12.Nd2 Ne5 13.f4 Ng6 14.Qe1 Qc7 15.Qg3 Nh5 16.Bxh5 Qc5+
17.Qf2 Qxh5 18.Qxb6 Rab8 19.Qe3 e5 20.g3 exf4 21.gxf4 Bf6 22.Rae1 Rbe8 23.Ba3 Nxf4
24.Rxf4 Qg5+ 25.Kf1 Bxc3 26.Bxd6 Be5 27.Bxe5 Qxe5 28.Nf3 Qh5 29.Rh4 Qg6 30.Kf2 f5
31.Rg1 Qc6 32.Qc3 Re7 33.e5 Qxf3+ 34.Qxf3 Bxf3 35.Kxf3 Rxe5 36.Rd4 Rfe8 37.Rgd1 g5
38.R1d2 Kf7 39.Rd6 Re3+ 40.Kf2 R3e6 41.Rxe6 Rxe6 42.c5 f4 43.Kf3 h5 44.Rd3 Kf6
45.h4  1-0

[Event "URS-chT Moscow"]
[Site "Moscow"]
[Date "1972.??.??"]
[Round "?"]
[White "Mukhin, Evgeny B"]
[Black "Litvinov, Viktor"]
[Result "0-1"]
[WhiteElo "2420"]
[BlackElo "2470"]

1.e4 c5 2.Nf3 Nc6 3.d4 cxd4 4.Nxd4 e6 5.Nb5 d6 6.c4 a6 7.N5c3 Nf6 8.Be2 Be7
9.O-O O-O 10.Be3 Qc7 11.Na3 Bd7 12.Rc1 b6 13.f3 Ra7 14.Nd5 exd5 15.cxd5 Qb7
16.dxc6 Bxc6 17.Nc4 d5 18.Nxb6 dxe4 19.Nc4 exf3 20.gxf3 Nd5 21.Bxa7 Qxa7+
22.Kh1 Bg5 23.Rc2 Qe7 24.Bd3 Rd8 25.Re1 Qf6 26.Ne5 Ba8 27.Ng4 Qb6 28.Qe2 g6
29.Bc4 Nf4 30.Qf1 Kg7 31.Ne5 Bh4 32.Re4 Bxe4 33.fxe4 Qe3 34.Nf3 Qxe4 35.Rc3 Rd2
36.Qc1 Rf2 37.Qe3 Qxe3 38.Rxe3 Rxb2 39.Ng1 a5 40.h3 f5 41.a4 Bf2 42.Rf3 g5
43.Ne2 Nxe2 44.Rxf2 Ng3+ 45.Kg2 Rxf2+ 46.Kxf2 f4  0-1

[Event "Rubinstein mem"]
[Site "Polanica Zdroj"]
[Date "1972.??.??"]
[Round "4"]
[White "Haag, Ervin"]
[Black "Liebert, Heinz"]
[Result "1-0"]
[WhiteElo "2440"]
[BlackElo "2400"]

1.e4 c5 2.Nf3 e6 3.d4 cxd4 4.Nxd4 Nc6 5.Nb5 d6 6.c4 Nf6 7.N1c3 a6 8.Na3 Be7
9.Be2 O-O 10.O-O b6 11.Be3 Bb7 12.f4 Rb8 13.Bf3 Re8 14.Bf2 Nd7 15.Rc1 Nc5
16.Rc2 Qc7 17.Nab1 Ba8 18.a3 Nb3 19.Nd5 exd5 20.cxd5 Nc5 21.dxc6 Bf6 22.Re1 Bxc6
23.e5 dxe5 24.Bxc6 Qxc6 25.b4 Rbd8 26.Qc1 exf4 27.bxc5 Rxe1+ 28.Qxe1 f3 29.Nd2 bxc5
30.Nxf3 c4 31.h3 Qa4 32.Qe4 Qxa3 33.Qxc4 a5 34.Kh2 h6 35.Bg3 Qa1 36.Ra2 Qb1
37.Rxa5 Rd1 38.Qc8+ Kh7 39.Qf5+ Qxf5 40.Rxf5 Rd7 41.Rb5 Re7 42.Be5 Bxe5+
43.Nxe5 g6 44.Rd5 Kg7 45.Kg3 Re6 46.Nc4 Rc6 47.Rd4 Rf6 48.Rf4 Re6 49.Kf3 Kg8
50.Re4 Rf6+ 51.Ke3 Ra6 52.Rf4 Kg7 53.Rf2 Ra7 54.Kd4 Rd7+ 55.Kc5 Rc7+ 56.Kd5 Ra7
57.Nd6 Kg8 58.Rb2 Ra1 59.Rb7 Rf1 60.Rb3 Rc1 61.g4 Rc2 62.Ke5 Re2+ 63.Kf4 Rd2
64.Rb8+ Kg7 65.Ne8+ Kf8 66.Nd6+ Kg7 67.Rd8 Rf2+ 68.Kg3 Rf1 69.Rd7 Kg8 70.Kg2 Rf4
71.Kg3 Rf1 72.Ne4 Kg7 73.Nf2 Ra1 74.h4 Ra5 75.Nd3 Ra3 76.Rd5 Kf6 77.Rd6+ Ke7
78.Rd4 Ke6 79.Kf4 Ra5 80.Rb4 Kf6 81.Ke4 Kg7 82.Nf4 Ra1 83.h5 Re1+ 84.Kf3 gxh5
85.Nxh5+ Kg6 86.Ng3 Re6 87.Rb5 Ra6 88.Kf4 Rf6+ 89.Rf5 Ra6 90.Nh5 Ra4+ 91.Kg3 Ra6
92.Nf4+ Kg7 93.Kh4 Rb6 94.Nd3 Rd6 95.Nf4 Ra6 96.Rc5 Rb6 97.Nh5+ Kf8 98.Rc8+ Ke7
99.Rh8 Rb4 100.Ng3  1-0

[Event "Rubinstein mem"]
[Site "Polanica Zdroj"]
[Date "1972.??.??"]
[Round "11"]
[White "Haag, Ervin"]
[Black "Cobo Arteaga, Eldis"]
[Result "1/2-1/2"]
[WhiteElo "2440"]
[BlackElo "2420"]

1.e4 c5 2.Nf3 e6 3.d4 cxd4 4.Nxd4 Nc6 5.Nb5 d6 6.c4 a6 7.N5c3 Nf6 8.Be2 Be7
9.O-O O-O 10.Be3 b6 11.f4 Bb7 12.Bf3 Rb8 13.Na3 Ba8 14.Qd2 Qd7 15.Rad1 Rfd8
16.Qe2 Qc7 17.Rc1 Na7 18.Bf2 Rd7 19.g4 Qd8 20.g5 Ne8 21.h4 b5 22.Bxa7 Rxa7
23.cxb5 axb5 24.Naxb5 Ra5 25.a4 Bc6 26.Rcd1 Rxa4 27.Nd4 Qb6 28.Nxa4 Bxa4
29.b3 Bxb3 30.Rd2 d5 31.Rb1 Bc5 32.Qf2 Nd6 33.Nxb3 Qxb3 34.Rxb3 Bxf2+ 35.Kxf2 Rxb3
36.exd5 exd5 37.Rxd5 Rb6 38.Be2 f6 39.Bd3 h6  1/2-1/2

[Event "Skopje ol (Men) prel"]
[Site "Skopje"]
[Date "1972.??.??"]
[Round "3"]
[White "Ljubojevic, Ljubomir"]
[Black "Shorbagay"]
[Result "1-0"]
[WhiteElo "2550"]
[BlackElo "2200"]

1.e4 c5 2.Nf3 Nc6 3.d4 cxd4 4.Nxd4 e6 5.Nb5 a6 6.Nd6+ Bxd6 7.Qxd6 Nge7 8.Nc3 O-O
9.Bg5 f6 10.Be3 Ne5 11.Bb6 Qe8 12.Bc5 Rf7 13.f4 N5c6 14.a4 f5 15.e5 Ng6 16.g3 Qe7
17.a5 Qxd6 18.Bxd6 b5 19.axb6 Bb7 20.Bg2 Nd8 21.Kf2 Bxg2 22.Kxg2 Nb7 23.Nb5 Nxd6
24.Nxd6 Rff8 25.b7 Ra7 26.Rxa6 Ne7 27.Rha1 Rxa6 28.Rxa6 Rb8 29.Ra7 Nc6 30.Ra8 Kf8
31.b4  1-0

[Event "Skopje ol (Men) prel"]
[Site "Skopje"]
[Date "1972.??.??"]
[Round "5"]
[White "Ardiansyah, Haji"]
[Black "Schmidt, Wlodzimierz"]
[Result "1/2-1/2"]
[WhiteElo "2340"]
[BlackElo "2450"]

1.e4 c5 2.Nf3 e6 3.d4 cxd4 4.Nxd4 Nc6 5.Nb5 d6 6.N1c3 a6 7.Nd4 Nf6 8.Be2 Be7
9.O-O O-O 10.Be3 Bd7 11.Qd2 b5 12.a3 Qc7 13.f4 Rfd8 14.Bf3 Rab8 15.Nxc6 Bxc6
16.Qf2 a5 17.e5 Nd7 18.exd6 Bxd6 19.Bxc6 Qxc6 20.Qf3 Qxf3 21.Rxf3 Nf6 22.a4 bxa4
23.Nxa4 Nd5 24.Bd2 Bc7 25.c4 Nb4 26.Bc3 Nc2 27.Rc1 Nd4 28.Bxd4 Rxd4 29.g3 Rd2
30.c5 Kf8 31.Rcc3 Rb4 32.b3 Rbd4 33.Rf2 Rd1+ 34.Kg2 Ke7 35.f5 e5 36.Rcf3 Kf6
37.Nc3 Re1 38.Nb5 Rd7 39.c6 Re7 40.Rf1 Re2+ 41.R1f2 Rxf2+ 42.Rxf2 e4 43.g4 h5
44.h3 hxg4 45.hxg4 Kg5 46.Nc3 Re5 47.Rd2 Kxg4 48.Rd7 Rc5 49.Rxf7 Be5 50.Nxe4 Rxc6
51.Nf2+ Kh5 52.Ra7 Rc2 53.Rxa5 Bd4 54.f6+ Kg6 55.fxg7 Rxf2+ 56.Kg3 Kxg7 57.Rd5 Bb6
58.Rd6 Bc5 59.b4 Be3 60.Rd3  1/2-1/2

[Event "Skopje ol (Men) prel"]
[Site "Skopje"]
[Date "1972.??.??"]
[Round "5"]
[White "Ljubojevic, Ljubomir"]
[Black "Gonda, Gentaro"]
[Result "1-0"]
[WhiteElo "2550"]
[BlackElo "2200"]

1.e4 c5 2.Nf3 e6 3.d4 cxd4 4.Nxd4 Nc6 5.Nb5 d6 6.c4 Nf6 7.N5c3 Be7 8.Be2 O-O
9.O-O a6 10.b3 Bd7 11.Bb2 Na7 12.Ba3 Bc6 13.Qd4 Qc7 14.Nd2 Rfd8 15.Qe3 b5
16.Rac1 Qa5 17.Bb2 b4 18.Nd5 exd5 19.exd5 Bd7 20.Qxe7 Re8 21.Qxd6 Rxe2 22.Bxf6 gxf6
23.Qxd7 Rxd2 24.Qg4+ Kh8 25.Qf4 Rxa2 26.Qxf6+ Kg8 27.Rfe1 Qd8 28.Re7 Qf8
29.Re3 h6 30.Rg3+ Kh7 31.Re1 Nb5 32.cxb5 axb5 33.h4 R8a6 34.Re6  1-0

[Event "Skopje ol (Men) fin-B"]
[Site "Skopje"]
[Date "1972.??.??"]
[Round "7"]
[White "Amos, Bruce M"]
[Black "Hernandez, Roman"]
[Result "1/2-1/2"]
[WhiteElo "2415"]
[BlackElo "2360"]

1.e4 c5 2.Nf3 e6 3.d4 cxd4 4.Nxd4 Nc6 5.Nb5 d6 6.c4 Nf6 7.N5c3 Be7 8.Be2 O-O
9.O-O a6 10.b3 b6 11.Bb2 Bb7 12.f4 Re8 13.Kh1 Rb8 14.Nd2 d5 15.cxd5 exd5
16.e5 d4 17.exf6 dxc3 18.fxe7 Qxe7 19.Bxc3 Qxe2 20.Qxe2 Rxe2 21.Rae1 Rbe8
22.Nf3 f6 23.Kg1 b5 24.Rxe2 Rxe2 25.Rf2  1/2-1/2

[Event "Skopje ol (Men) prel"]
[Site "Skopje"]
[Date "1972.??.??"]
[Round "7"]
[White "Avgousti, Petrakis"]
[Black "Hartston, William R"]
[Result "0-1"]
[WhiteElo "2200"]
[BlackElo "2420"]

1.e4 c5 2.Nf3 e6 3.d4 cxd4 4.Nxd4 Nc6 5.Nb5 d6 6.Bf4 e5 7.Be3 Nf6 8.Bg5 Be6
9.N1c3 a6 10.Na3 Rc8 11.Nc4 Nd4 12.Ne3 Be7 13.Bd3 O-O 14.O-O h6 15.Bh4 g6
16.Kh1 Nh5 17.Bxe7 Qxe7 18.Ncd5 Qg5 19.g3 Bh3 20.f4 exf4 21.gxf4 Qh4 22.Qe1 Qxe1
23.Rfxe1 Kg7 24.f5 g5 25.c3 Nf3 26.Re2 Ne5 27.Bc2 Kh8 28.Rd1 Rcd8 29.Rf2 Rg8
30.Rg1 g4 31.Rg3 Nxg3+ 32.hxg3 h5 33.Ng2 Bxg2+ 34.Kxg2 Kg7 35.Ne7 Rh8 36.f6+ Kh6
37.Bb3 Nf3 38.Bxf7 Rhf8 39.Bd5 Rxf6 40.Ng8+ Rxg8 41.Bxg8 Ne1+ 42.Kf1 Rxf2+
43.Kxf2 Nd3+ 44.Ke3 Nxb2 45.Be6 b6 46.Kd4 Nd1 47.Bc8 a5 48.Bb7 Kg5 49.Kd5 Nxc3+
50.Kxd6 Ne2 51.e5 Nxg3 52.e6 Nf5+ 53.Ke5 b5  0-1

[Event "Skopje ol (Men) fin-C"]
[Site "Skopje"]
[Date "1972.??.??"]
[Round "12"]
[White "Saren, Ilkka J"]
[Black "Hay, Trevor"]
[Result "0-1"]
[WhiteElo "2200"]
[BlackElo "2200"]

1.e4 c5 2.Nf3 e6 3.d4 cxd4 4.Nxd4 Nc6 5.Nb5 d6 6.c4 a6 7.N5c3 Nf6 8.Be2 Be7
9.O-O O-O 10.Be3 Bd7 11.Na3 Qa5 12.Qb3 Nb4 13.Nc2 Nxc2 14.Qxc2 b5 15.f3 Rfc8
16.cxb5 axb5 17.Qd2 b4 18.Nd1 Ba4 19.Bd3 d5 20.e5 Nd7 21.f4 Nc5 22.Bxc5 Bxc5+
23.Nf2 Qb6 24.g3 b3 25.axb3 Bxb3 26.Kg2 Bb4 27.Qe2 Rxa1 28.Rxa1 Qd4 29.h4 h6
30.Kf3 h5 31.Kg2 g6 32.Kf3 Kg7 33.Kg2 Bc5 34.Kf3 Rb8 35.Rf1 Bc4 36.Bxc4 Rxb2
37.Qxb2 Qxb2 38.Ba6 Bxf2 39.Rxf2 Qa3+  0-1

[Event "Skopje ol (Men) fin-D"]
[Site "Skopje"]
[Date "1972.??.??"]
[Round "12"]
[White "Al Mawla"]
[Black "Raizman, Maurice"]
[Result "0-1"]
[WhiteElo "2200"]
[BlackElo "2200"]

1.e4 c5 2.Nf3 Nc6 3.d4 cxd4 4.Nxd4 e6 5.Nb5 d6 6.N1c3 a6 7.Nd4 Be7 8.Be3 Nf6
9.Be2 O-O 10.f4 Qc7 11.O-O Bd7 12.f5 Ne5 13.g4 h6 14.h4 Nh7 15.Qe1 b5 16.Qg3 Qd8
17.Bf2 b4 18.Nd1 Nf6 19.Bf3 Nxf3+ 20.Qxf3 e5 21.Ne2 Bc6 22.Ng3 d5 23.exd5 Bxd5
24.Qe2 Bc6 25.Re1 Nd5 26.Nh5 Bxh4 27.Qxe5 Bf6 28.Nxf6+ Nxf6 29.Ne3 Re8 30.Qc5 Bf3
31.Bh4 Qd2 32.Bf2 Ne4 33.Nc4 Qxe1+ 34.Rxe1 Nxc5 35.Rxe8+ Rxe8 36.Bxc5 Rc8
37.Ne5 Rxc5  0-1

[Event "CAN-ch"]
[Site "Toronto"]
[Date "1972.??.??"]
[Round "5"]
[White "Labelle, Jacques"]
[Black "Vranesic, Zvonko"]
[Result "0-1"]
[WhiteElo "2200"]
[BlackElo "2425"]

1.e4 c5 2.Nf3 e6 3.d4 cxd4 4.Nxd4 Nc6 5.Nb5 d6 6.Bf4 e5 7.Be3 Nf6 8.Bg5 Be6
9.N1c3 a6 10.Bxf6 gxf6 11.Na3 d5 12.exd5 Bxa3 13.bxa3 Qa5 14.Qd2 O-O-O 15.Bc4 Rhg8
16.O-O-O Qxa3+ 17.Kb1 Bf5 18.Rhg1 Nd4 19.Bd3 Bxd3 20.Qxd3 Kb8 21.g4 Rc8 22.Rg3 h5
23.h3 hxg4 24.hxg4 f5 25.gxf5 Rxg3 26.Qxg3 Qb4+ 27.Kc1 Qxc3 28.Qxe5+ Ka8  0-1

[Event "Hoogovens-B"]
[Site "Wijk aan Zee"]
[Date "1972.??.??"]
[Round "?"]
[White "Karaklajic, Nikola"]
[Black "Denker, Arnold S"]
[Result "1/2-1/2"]
[WhiteElo "2420"]
[BlackElo "2270"]

1.e4 c5 2.Nf3 Nc6 3.d4 cxd4 4.Nxd4 e6 5.Nb5 d6 6.Bf4 e5 7.Be3 Nf6 8.N1c3 a6
9.Na3 b5 10.Nd5 Nxd5 11.exd5 Ne7 12.c4 Nf5 13.cxb5 Nxe3 14.fxe3 Qh4+ 15.g3 Qe4
16.Qc2 Qxe3+ 17.Be2 Bd7 18.Qd2 Qxd2+ 19.Kxd2 axb5 20.Nxb5 Ke7 21.Rhc1 g6
22.Rc7 Bh6+ 23.Kc2 Rhb8 24.a4 Kd8 25.Rc6 Bxc6 26.dxc6 Rb6 27.c7+ Kd7 28.Bc4 Be3
29.b4 Bd4 30.Ra2 Rxb5 31.Bxb5+ Kxc7 32.Kb3 Rc8 33.Ba6 Rb8 34.a5 Bc5 35.Ra4 f5
36.Bc4 e4 37.Kc3 Bg1 38.b5 Bxh2 39.Be2 Bxg3 40.b6+ Kc6 41.Rc4+ Kd5 42.a6 Be5+
43.Kd2 Rxb6 44.a7 Rb2+ 45.Rc2 Bf4+ 46.Kc3 Be5+  1/2-1/2

[Event "Hoogovens-B"]
[Site "Wijk aan Zee"]
[Date "1972.??.??"]
[Round "?"]
[White "Karaklajic, Nikola"]
[Black "Schmidt, Wlodzimierz"]
[Result "1-0"]
[WhiteElo "2420"]
[BlackElo "2450"]

1.e4 c5 2.Nf3 e6 3.d4 cxd4 4.Nxd4 Nc6 5.Nb5 d6 6.Bf4 e5 7.Be3 Nf6 8.N1c3 a6
9.Na3 Rb8 10.Nd5 b5 11.c3 Nxd5 12.exd5 Ne7 13.Nc2 Nf5 14.Qd2 Nxe3 15.fxe3 a5
16.b4 Be7 17.bxa5 Qxa5 18.c4 Qxd2+ 19.Kxd2 bxc4 20.Bxc4 Bd8 21.Rab1 Ba5+
22.Kd3 Ra8 23.Bb5+ Ke7 24.Nb4 Bxb4 25.Rxb4 Bb7 26.Bc4 Ra3+ 27.Rb3 Rha8 28.Kc3 Rxb3+
29.Bxb3 f5 30.a4 Ba6 31.a5 Rc8+ 32.Kd2 Rc5 33.g3 g5 34.Rc1 Rxc1 35.Kxc1 f4
36.Kd2 Kd7 37.gxf4 exf4 38.exf4 gxf4 39.Bc2 h6 40.Bd3 Bxd3 41.Kxd3  1-0

[Event "IBM-B"]
[Site "Amsterdam"]
[Date "1973.??.??"]
[Round "11"]
[White "Scholl, Eduard C"]
[Black "Hartoch, Robert G"]
[Result "1/2-1/2"]
[WhiteElo "2400"]
[BlackElo "2380"]

1.e4 e6 2.d4 c5 3.Nf3 cxd4 4.Nxd4 Nc6 5.Nb5 d6 6.c4 Nf6 7.N1c3 a6 8.Na3 Be7
9.Be2 O-O 10.O-O Rb8 11.Bf4 b6 12.Rc1 Ne5 13.Kh1 Qc7 14.f3 Bd7 15.Qd2 Rfd8
16.Rfd1 Qb7 17.Qe1 Bc6 18.Qf1 Ng6 19.Be3 Nh5 20.Nc2  1/2-1/2

[Event "Buenos Aires CA"]
[Site "Buenos Aires"]
[Date "1973.??.??"]
[Round "9"]
[White "Rubinetti, Jorge A"]
[Black "Schweber, Samuel"]
[Result "1/2-1/2"]
[WhiteElo "2410"]
[BlackElo "2445"]

1.e4 c5 2.Nf3 e6 3.d4 cxd4 4.Nxd4 Nc6 5.Nb5 d6 6.c4 a6 7.N5c3 Nf6 8.Be2 Be7
9.O-O O-O 10.Be3 b6 11.Na3 Ra7 12.f3 Rb7 13.Rc1 Bd7 14.Qd2 Qb8 15.Rfd1 Rd8
16.Qe1 Be8 17.Kh1 Nb4 18.Nab1 b5 19.a3 Nc6 20.b4 Na7 21.cxb5 Nxb5 22.Nxb5 axb5
23.Nc3 d5 24.exd5 Nxd5 25.Nxd5 exd5 26.Qc3 Bf6 27.Bd4 Rb6 28.Qc7 Qxc7 29.Rxc7 Bxd4
30.Rxd4 Rc6 31.Rxc6 Bxc6 32.Kg1 Kf8 33.Kf2 Ra8 34.Rd3 Ke7 35.Ke3 Kd6 36.Kd4 g5
37.Rc3 h5 38.Bd3 h4 39.g3 hxg3 40.hxg3 f6 41.f4 Ra7 42.Bf5 Re7 43.Re3 gxf4
44.Rxe7 Kxe7 45.gxf4 Kd6 46.Bg4 Be8 47.Bf3 Bf7 48.Be2 Be8 49.Bd3 Bd7 50.Bg6 Bc6
51.Bf7 Bb7 52.Be8 Ba6 53.f5 Bc8 54.Bxb5 Bxf5 55.a4 Be4 56.a5 f5 57.Bf1 f4
58.b5 f3 59.a6 Kc7 60.a7 Kb7 61.b6 f2 62.Ba6+ Ka8 63.Bb5 Kb7 64.Bc6+ Kxb6
65.a8=Q f1=Q 66.Qb7+ Ka5 67.Qa7+  1/2-1/2

[Event "Chicago"]
[Site "Chicago"]
[Date "1973.??.??"]
[Round "8"]
[White "Karaklajic, Nikola"]
[Black "Vranesic, Zvonko"]
[Result "1/2-1/2"]
[WhiteElo "2420"]
[BlackElo "2425"]

1.e4 c5 2.Nf3 e6 3.d4 cxd4 4.Nxd4 Nc6 5.Nb5 Nf6 6.N1c3 d6 7.Bf4 e5 8.Be3 a6
9.Na3 Be6 10.Nc4 b5 11.Nb6 Rb8 12.Nbd5 Be7 13.Nxf6+ Bxf6 14.Nd5 Be7 15.Be2 O-O
16.O-O Bg5 17.c3 Bxe3 18.Nxe3 Ne7 19.Bf3 Qb6 20.Qd2 Rfd8 21.Rfd1 Rd7 22.Bg4 Rbd8
23.Nd5 Nxd5 24.Bxe6 fxe6 25.exd5 exd5 26.Qxd5+ Rf7 27.Rd2 Qb7 28.Rad1 Qxd5
29.Rxd5 Rfd7 30.g3 Kf7 31.a4 bxa4 32.Ra5 Rb8 33.Rd2 Rb6 34.Rxa4 Rdb7 35.b4 Rc7
36.Rd3 Ke6 37.Kf1 Rc4 38.Ke2 d5 39.Ra5 d4 40.cxd4 exd4 41.Rda3 Rbc6  1/2-1/2

[Event "DSV-Turnier"]
[Site "Leipzig"]
[Date "1973.??.??"]
[Round "6"]
[White "Jansa, Vlastimil"]
[Black "Garcia Gonzales, Guillermo"]
[Result "1-0"]
[WhiteElo "2475"]
[BlackElo "2470"]

1.e4 c5 2.Nf3 e6 3.d4 cxd4 4.Nxd4 Nc6 5.Nb5 d6 6.c4 Nf6 7.N1c3 a6 8.Na3 Be7
9.Be2 O-O 10.O-O b6 11.Be3 Rb8 12.Rc1 Bb7 13.f3 Re8 14.Nc2 Ne5 15.Qd4 Qd7
16.Rfd1 Ba8 17.b3 Qb7 18.Bf1 h6 19.Qd2 g5 20.Kh1 Kh7 21.Nb4 Rg8 22.Nd3 Ng6
23.Nf2 Nd7 24.Rc2 Nh4 25.Qe2 Ne5 26.Nd3 g4 27.Nxe5 dxe5 28.fxg4 Bb4 29.Qf2 Qe7
30.h3 Rbf8 31.Bxb6 f5 32.exf5 Rxf5 33.gxf5 Nxg2 34.Nd5 Nf4 35.Kh2 exd5 36.cxd5 Bd6
37.f6 Qxf6 38.Bd3+ e4 39.Bxe4+ Kh8 40.Kh1 Bb7 41.Bd4  1-0

[Event "CSR-ch"]
[Site "Luhacovice"]
[Date "1973.??.??"]
[Round "6"]
[White "Mukhin, Mikhail A"]
[Black "Jansa, Vlastimil"]
[Result "1-0"]
[WhiteElo "2420"]
[BlackElo "2480"]

1.e4 c5 2.Nf3 e6 3.d4 cxd4 4.Nxd4 Nc6 5.Nb5 d6 6.c4 Nf6 7.N1c3 a6 8.Na3 Be7
9.Be2 O-O 10.O-O b6 11.Be3 Bb7 12.Rc1 Ne5 13.Qd4 Ned7 14.f3 Re8 15.Qd2 Qc7
16.Rfd1 Rac8 17.Bf1 Qb8 18.Qf2 Bf8 19.Kh1 Kh8 20.Na4 d5 21.exd5 exd5 22.Nxb6 Nxb6
23.Bxb6 Qf4 24.Qg3 Qxg3 25.hxg3 Bxa3 26.bxa3 dxc4 27.Rxc4 h6 28.a4 Nd5 29.a5 Nc3
30.Rd7 Re1 31.Rxc8+ Bxc8 32.Rd8+ Kh7 33.Kg1 Bf5 34.g4 Bg6 35.Kf2 Ra1 36.Bxa6 Rxa2+
37.Kg3 Na4 38.Bc4 Rb2 39.Bd4 Rb4 40.a6  1-0

[Event "CSR-ch"]
[Site "Luhacovice"]
[Date "1973.??.??"]
[Round "10"]
[White "Mukhin, Mikhail A"]
[Black "Doda, Zbigniew"]
[Result "1/2-1/2"]
[WhiteElo "2420"]
[BlackElo "2390"]

1.e4 c5 2.Nf3 e6 3.d4 cxd4 4.Nxd4 Nc6 5.Nb5 d6 6.c4 Nf6 7.N1c3 a6 8.Na3 Be7
9.Be2 O-O 10.O-O b6 11.Be3 Bb7 12.Rc1 Re8 13.Nc2 Rb8 14.f3 Nd7 15.Qd2 Qc7
16.Rfd1 Ba8 17.Bf1 Bf8 18.Qf2 Rb7 19.Kh1 Qb8 20.b4 Nce5 21.Bd2 Rc7 22.Ne3 Nf6
23.Be1 Be7 24.Qb2 Nh5 25.Bf2 Rcc8 26.Qb3 h6  1/2-1/2

[Event "URS-ch sf"]
[Site "Tbilisi"]
[Date "1973.??.??"]
[Round "1"]
[White "Gufeld, Eduard"]
[Black "Osnos, Viatcheslav"]
[Result "1/2-1/2"]
[WhiteElo "2500"]
[BlackElo "2510"]

1.e4 c5 2.Nf3 e6 3.d4 cxd4 4.Nxd4 Nc6 5.Nb5 d6 6.c4 Nf6 7.N1c3 a6 8.Na3 Be7
9.Be2 O-O 10.O-O b6 11.Be3 Bb7 12.Rc1 Rb8 13.Nc2 Re8 14.Kh1 Ba8 15.f3 Ne5
16.Nd4 Bb7 17.Qd2 Rc8 18.Na4 Ned7 19.Rfd1 Bf8 20.Bf1 d5 21.exd5 exd5 22.Nf5 Re5
23.Ng3 Bc6 24.Nc3 dxc4 25.Bd4 Ra5 26.Bxc4 Qc7 27.Nce4 Nxe4 28.fxe4 Nc5 29.Qf2 Ra4
30.b3 Rxc4 31.Rxc4 Rd8 32.Rcc1 a5 33.Bxc5 Bxc5 34.Rxd8+ Qxd8 35.Qf3 g6 36.Qf4 h5
37.h4 Kg7 38.Kh2 Qe7 39.Rd1 Ba3 40.Rd3 Bb2 41.Qg5 Qxg5 42.hxg5 Be5 43.Kg1  1/2-1/2

[Event "DEN-ch"]
[Site "Copenhagen"]
[Date "1974.??.??"]
[Round "6"]
[White "Poulsen, Allan"]
[Black "Jakobsen, Ole"]
[Result "0-1"]
[WhiteElo "2280"]
[BlackElo "2435"]

1.e4 c5 2.Nf3 e6 3.d4 cxd4 4.Nxd4 Nc6 5.Nb5 d6 6.c4 a6 7.N5c3 Nf6 8.Be2 Be7
9.O-O O-O 10.Be3 b6 11.Na3 Bb7 12.Qb3 Nd7 13.Rad1 Nc5 14.Qc2 Bf6 15.Nab1 Qc7
16.a3 Rac8 17.f4 Rfd8 18.b4 Nd7 19.Qd2 Be7 20.Rc1 Qb8 21.Qe1 Re8 22.Qf2 Bd8
23.Rcd1 Ne7 24.Bd4 Ng6 25.Be3 Nf6 26.Nd2 b5 27.c5 dxc5 28.Bxc5 e5 29.f5 Nf4
30.Qe3 Nd7 31.Nb3 Nxc5 32.Nxc5 Bb6 33.Rc1 Qa7 34.Nd1 Red8 35.Bg4 Nd3 36.f6 Nxc5
37.bxc5 Bxc5 38.Rxc5 Qxc5 39.Bxc8 Rxc8 40.fxg7 Bxe4 41.Qf2 Qxf2+  0-1

[Event "DSV-Turnier"]
[Site "Halle"]
[Date "1974.??.??"]
[Round "?"]
[White "Filipowicz, Andrzej"]
[Black "Liebert, Heinz"]
[Result "0-1"]
[WhiteElo "2430"]
[BlackElo "2445"]

1.e4 c5 2.Nf3 Nc6 3.d4 cxd4 4.Nxd4 e6 5.Nb5 d6 6.c4 Nf6 7.N1c3 a6 8.Na3 Be7
9.Be2 O-O 10.O-O b6 11.f4 Bb7 12.Bf3 Rc8 13.Be3 Na5 14.Qd3 Qc7 15.Rac1 Nxc4
16.Ncb1 d5 17.exd5 Bxd5 18.b3 Bxf3 19.Rxc4 Bc6 20.Rfc1 Qb7 21.Qe2 b5 22.Rd4 Nd5
23.Rd2 Nxe3 24.Qxe3 Bd5 25.Nc2 Bc5 26.Nd4 Bxd4 27.Rxd4 Rxc1+ 28.Qxc1 Bxg2
29.Qd2 Bc6 30.Nc3 Qe7 31.Ne2 h6 32.b4 Bd5 33.Nc3 Ba8 34.a3 Rc8 35.Ne4 Bxe4
36.Rxe4 Qf6 37.Rd4 Qg6+ 38.Kf1 Qb1+  0-1

[Event "Nice olm fin-A"]
[Site "Nice"]
[Date "1974.??.??"]
[Round "4"]
[White "Calvo Minguez, Ricardo"]
[Black "Jansa, Vlastimil"]
[Result "1-0"]
[WhiteElo "2460"]
[BlackElo "2535"]

1.e4 c5 2.Nf3 e6 3.d4 cxd4 4.Nxd4 Nc6 5.Nb5 d6 6.c4 Nf6 7.N1c3 a6 8.Na3 Be7
9.Be2 O-O 10.O-O b6 11.Be3 Bb7 12.f3 Re8 13.Qb3 Nd7 14.Rfd1 Nc5 15.Qc2 Bf6
16.Bf1 Be5 17.Qf2 Bxc3 18.bxc3 Qc7 19.Qg3 Ne5 20.Bd4 Bc6 21.Rd2 Kh8 22.Rb1 f6
23.Nc2 Na4 24.Ne3 Rab8 25.h4 Qf7 26.Re1 Qh5 27.Nd1 Rec8 28.Bf2 Nf7 29.Qh3 Re8
30.g4 Qa5 31.f4 Nc5 32.Bg2 Qa4 33.g5 Qxc4 34.Bf1 Qa4 35.Nb2 Qxa2 36.Nc4 Qa4
37.Rd4 Qb3 38.Nxd6 Nxd6 39.Rxd6 Bxe4 40.gxf6 gxf6 41.Bd4 Rg8+ 42.Kh2 Rbf8
43.Bxc5 Bf5 44.Rxb6 Qa2+ 45.Re2 Bxh3 46.Rxa2 Bxf1 47.Bxf8 Rxf8 48.Rd2 Kg7
49.Rxe6 Kg6 50.Rc6 Kf5 51.Kg3 Bb5 52.Rd5+ Kg6 53.Rc7 Re8 54.h5+ Kh6 55.c4 Re3+
56.Kf2 Rc3 57.Rf5  1-0

[Event "Nice olm fin-B"]
[Site "Nice"]
[Date "1974.??.??"]
[Round "6"]
[White "Garcia Martinez, Silvino"]
[Black "Rath, Ulrik"]
[Result "1/2-1/2"]
[WhiteElo "2400"]
[BlackElo "2200"]

1.e4 c5 2.Nf3 e6 3.d4 cxd4 4.Nxd4 Nc6 5.Nb5 d6 6.c4 Nf6 7.N5c3 Be7 8.Be2 O-O
9.O-O Bd7 10.Bf4 Qb8 11.Re1 Rd8 12.a3 a6 13.Bf1 Ne5 14.a4 b6 15.b4 Be8 16.Nd2 Nfd7  1/2-1/2

[Event "Nice olm prel"]
[Site "Nice"]
[Date "1974.??.??"]
[Round "6"]
[White "Radulov, Ivan"]
[Black "Liberzon, Vladimir M"]
[Result "1-0"]
[WhiteElo "2490"]
[BlackElo "2515"]

1.e4 c5 2.Nf3 e6 3.d4 cxd4 4.Nxd4 Nc6 5.Nb5 d6 6.Bf4 e5 7.Be3 Nf6 8.N1c3 a6
9.Na3 Be6 10.Nc4 Be7 11.Nb6 Rb8 12.Be2 O-O 13.O-O Nxe4 14.Nxe4 d5 15.Nc5 d4
16.Nxe6 fxe6 17.Nc4 dxe3 18.Nxe3 Qb6 19.Nc4 Qc5 20.c3 e4 21.Qc2 Qf5 22.Rae1 Bc5
23.Bd1 b5 24.b4 Be7 25.Nd2 e3 26.Rxe3 Bg5 27.Re2 Rbc8 28.Qb3 a5 29.Bc2 Qf7
30.Ne4 Be7 31.bxa5 Rb8 32.a6 Rb6 33.Re3 Na5 34.Qb1 Qe8 35.a7 Qa8 36.Ng3 h6
37.Qd1 Rd8 38.Qg4 Qxa7 39.Nh5 Bg5 40.Qe4 Bxe3 41.Qh7+  1-0

[Event "Nice olm prel"]
[Site "Nice"]
[Date "1974.??.??"]
[Round "7"]
[White "Milbers, Paul"]
[Black "Kavalek, Lubomir"]
[Result "0-1"]
[WhiteElo "2200"]
[BlackElo "2625"]

1.e4 c5 2.Nf3 e6 3.d4 cxd4 4.Nxd4 Nc6 5.Nb5 d6 6.Bf4 e5 7.Be3 a6 8.N5c3 Nf6
9.Nd5 Nxd5 10.Qxd5 Be6 11.Qd2 d5 12.exd5 Bxd5 13.a3 Be6 14.Qxd8+ Rxd8 15.Bb6 Rd6
16.Bd3 f5 17.f3 e4 18.fxe4 Ne5 19.Bc7 Nxd3+ 20.cxd3 Rxd3 21.exf5 Bxf5 22.Bb6 Rd6
23.Bf2 Re6+ 24.Kd2 Bd6 25.Bg3 O-O 26.Rf1 Rd8 27.Bxd6 Rexd6+ 28.Kc1 Bd3  0-1

[Event "Rubinstein mem"]
[Site "Polanica Zdroj"]
[Date "1974.??.??"]
[Round "13"]
[White "Filipowicz, Andrzej"]
[Black "Kirov, Nino"]
[Result "1/2-1/2"]
[WhiteElo "2430"]
[BlackElo "2465"]

1.e4 c5 2.Nf3 e6 3.d4 cxd4 4.Nxd4 Nc6 5.Nb5 d6 6.c4 Nf6 7.N1c3 a6 8.Na3 Be7
9.Be2 O-O 10.O-O b6 11.f4 Bb7  1/2-1/2

[Event "CSR-ch"]
[Site "Rimavska Sobota"]
[Date "1974.??.??"]
[Round "1"]
[White "Prandstetter, Eduard"]
[Black "Kubicek, Antonin"]
[Result "1-0"]
[WhiteElo "2355"]
[BlackElo "2320"]

1.e4 c5 2.Nf3 e6 3.d4 cxd4 4.Nxd4 Nc6 5.Nb5 d6 6.c4 Nf6 7.N1c3 a6 8.Na3 Be7
9.Be2 O-O 10.O-O Bd7 11.Be3 Rb8 12.f3 Qa5 13.Qe1 Rfc8 14.Rb1 Be8 15.g4 Nd7
16.Qd2 Nb4 17.Rbc1 Nc5 18.Nc2 Nxc2 19.Rxc2 Qd8 20.Rd1 Na4 21.Nxa4 Bxa4 22.b3 Bc6
23.Qe1 Bg5 24.Qf2 Bxe3 25.Qxe3 Qe7 26.Rcd2 Rd8 27.Qb6 h5 28.gxh5 Qg5+ 29.Kh1 Qxh5
30.Qf2 f5 31.e5 d5 32.c5 f4 33.Qd4 Rf8 34.Rg1 Rf5 35.Bd1 Rg5 36.Qxf4 Rxg1+
37.Kxg1 Rf8 38.Qg3 Qh6 39.Rg2 Rf7 40.Qg5 Qh3 41.Qd8+ Rf8 42.Qg5 Rf7 43.Qe3 d4
44.Qg5 Bd5 45.Qd8+ Rf8 46.Qg5 Rf7 47.Bc2 Bxf3 48.Rg3 Qh5 49.Bg6 Qxg5 50.Bxf7+ Kxf7
51.Rxg5 d3 52.Rg3 Be4 53.Kf2 g6 54.Ke3 Bf5 55.b4 Ke7 56.a4 Kd7 57.b5 Kc7
58.Kd2  1-0